[Event "16th Sants Open 2014"]
[Site "Barcelona ESP"]
[Date "2014.08.27"]
[Round "6.31"]
[White "Pedini, Dario"]
[Black "Sanchez, Sebastian Felipe"]
[Result "0-1"]
[BlackTitle "IM"]
[WhiteElo "2260"]
[BlackElo "2391"]
[WhiteFideId "824623"]
[BlackFideId "4403304"]
[EventDate "2014.08.22"]

1. e4 c5 2. Nc3 a6 3. g4 b5 4. Bg2 Bb7 5. d3 e6 6. Nh3 b4 7. Ne2 d5 8. Ng3 Nf6
9. g5 Nfd7 10. exd5 Nb6 11. Nf4 Nxd5 12. O-O Be7 13. Ne4 O-O 14. a3 a5 15. h4
Nd7 16. Qg4 Qb6 17. Re1 Rae8 18. c4 Nxf4 19. Bxf4 f5 20. gxf6 Nxf6 21. Nxf6+
Bxf6 22. Bxb7 Qxb7 23. axb4 axb4 24. Ra5 Bxb2 25. Rxc5 Qf7 26. Be3 Bc3 27. Rd1
Ra8 28. Rc6 e5 29. Qe6 b3 30. Qxf7+ Kxf7 31. Bd2 Bxd2 32. Rxd2 Ra2 33. Rd1 b2 0-1

[Event "16th Sants Open 2014"]
[Site "Barcelona ESP"]
[Date "2014.08.27"]
[Round "6.32"]
[White "Buchenau, Frank"]
[Black "Skomorokhin, Roman"]
[Result "1-0"]
[WhiteTitle "FM"]
[BlackTitle "IM"]
[WhiteElo "2250"]
[BlackElo "2378"]
[WhiteFideId "4604350"]
[BlackFideId "4112610"]
[EventDate "2014.08.22"]

1. e4 d6 2. d4 Nf6 3. Nc3 e5 4. dxe5 dxe5 5. Qxd8+ Kxd8 6. Bc4 Ke8 7. Nf3 Bd6 8.
Bg5 Nbd7 9. O-O-O a6 10. a4 h6 11. Bh4 Kf8 12. Rhe1 g6 13. Nd2 Kg7 14. Ba2 Re8
15. f3 Bc5 16. Nb3 Bb4 17. Re3 c6 18. a5 Nf8 19. Na4 Rb8 20. c3 Be7 21. Nbc5 Ng4
22. fxg4 Bxh4 23. Rf3 f5 24. gxf5 gxf5 25. g3 Bg5+ 26. Kc2 f4 27. Rf2 Bg4 28.
Rd3 Red8 29. Bc4 Rxd3 30. Nxd3 Re8 31. Nac5 f3 32. h3 Bxh3 33. Rxf3 Re7 34. b4
Bc8 35. Nxe5 Nh7 36. Nf7 Bg4 37. Nxg5 Nxg5 38. Rf4 h5 39. Kd2 Nf3+ 40. Ke3 Ne5
41. Be2 Ng6 42. Rf1 Ne5 43. Bxg4 Nxg4+ 44. Kd4 Kg6 45. Rf8 Nh6 46. Ke3 Nf7 47.
Rg8+ Kh6 48. Kf4 Nd6 49. e5 Rf7+ 50. Ke3 Re7 51. e6 Nb5 52. Rb8 Nxc3 53. Rxb7
Rxb7 54. Nxb7 Kg7 55. Kd4 Ne2+ 56. Ke5 Nxg3 57. Nd6 h4 58. e7 h3 59. e8=Q h2 60.
Qe7+ 1-0

[Event "16th Sants Open 2014"]
[Site "Barcelona ESP"]
[Date "2014.08.27"]
[Round "6.33"]
[White "Van der Lende, Ilias"]
[Black "Bergez, Luc"]
[Result "1/2-1/2"]
[BlackTitle "IM"]
[WhiteElo "2223"]
[BlackElo "2368"]
[WhiteFideId "1019260"]
[BlackFideId "606600"]
[EventDate "2014.08.22"]

1. e4 c6 2. d4 d5 3. exd5 cxd5 4. c4 Nf6 5. Nc3 Nc6 6. Nf3 Bg4 7. cxd5 Nxd5 8.
Qb3 Bxf3 9. gxf3 Nb6 10. Be3 e6 11. O-O-O Be7 12. d5 exd5 13. Nxd5 Nxd5 14. Bc4
Qc7 15. Bxd5 Nb4+ 16. Kb1 Nxd5 17. Qb5+ Qc6 18. Rxd5 Qxb5 19. Rxb5 b6 20. a4 O-O
21. a5 bxa5 22. Rxa5 a6 23. Rc1 Bb4 24. Ra4 Rfb8 25. Rc6 a5 26. Bc5 Bc3 27. Bb6
Be5 28. Bd4 Bxh2 29. Bc3 Rb5 30. Rh4 Be5 31. Rh5 f6 32. f4 g6 33. fxe5 gxh5 34.
exf6 h4 35. Rc7 Rg5 36. f7+ Kf8 37. Bd4 Ra6 38. Bc5+ Rxc5 39. Rxc5 Rh6 40. Rc1
Kxf7 41. Rh1 Kf6 42. Kc2 Kg5 43. Kd3 Rb6 44. Ra1 h3 45. Rxa5+ Kg4 46. Ra4+ Kf3
47. Rh4 Kxf2 48. Rxh7 Rxb2 49. Kc3 1/2-1/2

[Event "16th Sants Open 2014"]
[Site "Barcelona ESP"]
[Date "2014.08.27"]
[Round "6.34"]
[White "Dalo, Hermes"]
[Black "Strunski, Andreas"]
[Result "0-1"]
[WhiteTitle "CM"]
[BlackTitle "IM"]
[WhiteElo "2221"]
[BlackElo "2352"]
[WhiteFideId "3902544"]
[BlackFideId "24606073"]
[EventDate "2014.08.22"]

1. d4 d5 2. c4 c6 3. Nf3 Nf6 4. e3 Bg4 5. Qb3 Qb6 6. Nc3 e6 7. Nh4 Bh5 8. h3
Nbd7 9. g4 Bg6 10. Nxg6 hxg6 11. Bg2 Be7 12. g5 Nh5 13. h4 Qc7 14. Bd2 Nb6 15.
cxd5 exd5 16. Qc2 Rd8 17. b3 O-O 18. a4 Ng3 19. Rh3 Nf5 20. a5 Na8 21. Ne2 Qd7
22. Ng3 Nxg3 23. Rxg3 Nc7 24. Bh3 Ne6 25. h5 Bd6 26. f4 Qe7 27. Kf2 gxh5 28. g6
h4 29. Rg2 fxg6 30. Qxg6 Rf6 31. Qh5 Qf7 32. Bxe6 Rxe6 33. Qxh4 Be7 34. Qg4 Rh6
35. Rag1 Rh7 36. Qg6 Qxg6 37. Rxg6 Kf7 38. b4 Rd6 39. Rxd6 Bxd6 40. Kg2 g5 41.
a6 gxf4 42. axb7 Rg7+ 43. Kf2 Rxg1 44. Kxg1 fxe3 45. Bxe3 Ke6 46. Kf2 Kd7 47.
Ke2 Kc7 48. Bd2 Kxb7 49. Kd3 Kb6 50. Kc3 Kb5 51. Kb3 Bg3 52. Bg5 Bf2 53. Bf6 Be3
54. Bg7 Bg5 55. Bf8 Bf6 56. Bc5 a6 57. Kc3 Ka4 58. Kc2 Bh4 59. Kd2 Kb3 60. Kd1
Kc4 61. Ke2 Bg5 62. Kf2 Bd2 0-1

[Event "16th Sants Open 2014"]
[Site "Barcelona ESP"]
[Date "2014.08.27"]
[Round "6.35"]
[White "Kempinski, Tomasz"]
[Black "Vehi Bach, Victor Manuel"]
[Result "0-1"]
[BlackTitle "IM"]
[WhiteElo "2202"]
[BlackElo "2316"]
[WhiteFideId "1109049"]
[BlackFideId "2200228"]
[EventDate "2014.08.22"]

1. e4 c5 2. Nf3 e6 3. c4 Nc6 4. Nc3 Nf6 5. Be2 Qb6 6. O-O Be7 7. Re1 d6 8. Bf1
O-O 9. d3 a6 10. Rb1 Bd7 11. a3 a5 12. h3 Nd4 13. Be3 a4 14. g4 Bc6 15. Bxd4
cxd4 16. Ne2 e5 17. Ng3 g6 18. Qd2 Rfe8 19. Nh2 Qa5 20. Qc1 Nd7 21. g5 Nc5 22.
h4 Bd7 23. Qd1 f6 24. gxf6 Bxf6 25. h5 Rf8 26. hxg6 hxg6 27. Be2 Kg7 28. Bg4 Qd8
29. Kg2 Bg5 30. Rh1 Rh8 31. Qf3 Bxg4 32. Nxg4 Qd7 33. Rxh8 Rxh8 34. Rh1 Rxh1 35.
Kxh1 Nxd3 36. Qxd3 Qxg4 37. c5 dxc5 38. Qb5 Qh3+ 39. Kg1 Be3 40. Qxb7+ Kh6 41.
Nh1 Bf4 42. Ng3 Bxg3 43. fxg3 Qxg3+ 44. Kh1 0-1

[Event "16th Sants Open 2014"]
[Site "Barcelona ESP"]
[Date "2014.08.27"]
[Round "6.36"]
[White "Gomez Jurado, Luis Alberto"]
[Black "Perez Pastora, Evarist"]
[Result "0-1"]
[WhiteTitle "FM"]
[WhiteElo "2302"]
[BlackElo "2181"]
[WhiteFideId "2202107"]
[BlackFideId "2258102"]
[EventDate "2014.08.22"]

1. c4 e5 2. g3 Nc6 3. Nc3 g6 4. Bg2 Bg7 5. e4 d6 6. Nge2 h5 7. h4 Bg4 8. f3 Be6
9. Nd5 Nce7 10. d4 c6 11. Nxe7 Nxe7 12. d5 cxd5 13. cxd5 Bd7 14. Be3 O-O 15. O-O
f5 16. Qd2 Kh7 17. Qb4 Bc8 18. Rac1 Ng8 19. exf5 gxf5 20. Bg5 Bf6 21. f4 e4 22.
Nd4 Ne7 23. Ne6 Bxe6 24. dxe6 b6 25. Rfd1 d5 26. Qb5 Kg6 27. Bf1 Qd6 28. Qd7
Rfd8 29. Qxd6 Rxd6 30. Rc7 Rxe6 31. Ba6 Rd8 32. b4 d4 33. Rxa7 d3 34. Bc4 Nd5
35. Ra3 Rc6 36. Bb5 Nc3 37. Bxc6 Nxd1 38. g4 Bxg5 39. gxh5+ Kxh5 40. hxg5 Kg4
41. Bb5 Kxf4 42. g6 Rg8 43. Bxd3 Rxg6+ 44. Kh2 Rg3 45. Ra6 Rxd3 46. Rxb6 Rd2+
47. Kh3 Nf2+ 48. Kg2 Nd3+ 49. Kf1 Kf3 0-1

[Event "16th Sants Open 2014"]
[Site "Barcelona ESP"]
[Date "2014.08.27"]
[Round "6.37"]
[White "Gschwendtner, Klaus"]
[Black "De Marchi, Olivier"]
[Result "1-0"]
[BlackTitle "FM"]
[WhiteElo "2125"]
[BlackElo "2299"]
[WhiteFideId "4633598"]
[BlackFideId "613517"]
[EventDate "2014.08.22"]

1. e4 c5 2. Nf3 g6 3. d3 Bg7 4. g3 Nc6 5. Bg2 e6 6. O-O Nge7 7. c3 d5 8. exd5
Nxd5 9. Nbd2 O-O 10. Nb3 b6 11. d4 cxd4 12. Nbxd4 Na5 13. Re1 Qc7 14. Qe2 a6 15.
Ne5 Bb7 16. h4 Rac8 17. h5 Nc4 18. Nxc4 Qxc4 19. Qxc4 Rxc4 20. hxg6 hxg6 21. Nc2
b5 22. Ne3 Nxe3 23. Bxe3 Bxg2 24. Kxg2 b4 25. cxb4 Rxb4 26. Bc5 Rxb2 27. Bxf8
Kxf8 28. Red1 Ke7 29. a4 Be5 30. Rab1 Ra2 31. Rb7+ Kf6 32. Rdd7 Kf5 33. Rxf7+
Ke4 34. Rb4+ Kd5 35. Rd7+ Kc6 36. Rd3 Kc5 37. Re4 Ba1 38. Rxe6 Rxa4 39. Rxg6 Ra2
40. Rgd6 1-0

[Event "16th Sants Open 2014"]
[Site "Barcelona ESP"]
[Date "2014.08.27"]
[Round "6.38"]
[White "Gurevich, Daniel"]
[Black "Shatko, Danil"]
[Result "1-0"]
[WhiteTitle "FM"]
[WhiteElo "2298"]
[BlackElo "2178"]
[WhiteFideId "2044676"]
[BlackFideId "2297540"]
[EventDate "2014.08.22"]

1. e4 e6 2. d4 d5 3. exd5 exd5 4. Nf3 Nf6 5. Bg5 h6 6. Qe2+ Be7 7. Bxf6 gxf6 8.
Qe3 c6 9. Nbd2 Be6 10. Bd3 Nd7 11. Nh4 Qc7 12. f4 Nb6 13. f5 Bd7 14. O-O-O Nc8
15. Rde1 Kd8 16. g3 Bf8 17. Kb1 a5 18. c4 dxc4 19. Nxc4 b5 20. Nd2 Bb4 21. Rc1
Bxd2 22. Qxd2 Ne7 23. Bxb5 Qb6 24. Bc4 Nxf5 25. Nxf5 Bxf5+ 26. Ka1 Be6 27. Qf4
Kd7 28. Qxf6 Rab8 29. Bxe6+ fxe6 30. Qg7+ Kd6 31. Rc2 Qb5 32. Re1 a4 33. Rce2
Rhe8 34. Qxh6 Qc4 35. d5 cxd5 36. Rxe6+ Rxe6 37. Qxe6+ Kc5 38. Qe3+ Kb5 39. Rc1
Qe4 40. Qa7 Rb6 41. Qd7+ Ka6 42. Qc8+ Rb7 43. Qa8+ Kb6 44. a3 Qd4 45. Re1 Qg4
46. Qd8+ Kc5 47. Rc1+ Kd4 48. Qf6+ Kd3 49. Qc3+ 1-0

[Event "16th Sants Open 2014"]
[Site "Barcelona ESP"]
[Date "2014.08.27"]
[Round "6.39"]
[White "Cruz, Jonathan"]
[Black "Den Hartog, Marijn"]
[Result "1-0"]
[WhiteTitle "IM"]
[WhiteElo "2459"]
[BlackElo "2102"]
[WhiteFideId "3802124"]
[BlackFideId "1046098"]
[EventDate "2014.08.22"]

1. c4 Nf6 2. Nc3 g6 3. e4 d6 4. d4 Bg7 5. Be2 O-O 6. Bg5 c5 7. d5 b5 8. cxb5 a6
9. a4 Qa5 10. Bd2 Qb4 11. Qc2 axb5 12. f3 Qd4 13. Bxb5 c4 14. Nge2 Qc5 15. Qc1
Nfd7 16. Be3 Qc7 17. O-O Ne5 18. Kh1 Na6 19. f4 Nd3 20. Qd2 Nab4 21. Nd4 Ba6 22.
Nc6 e6 23. f5 exf5 24. Nxb4 Nxb4 25. exf5 Qe7 26. Bg5 f6 27. Rae1 Qd8 28. Bf4
Nd3 29. Re6 Ne5 30. Ne4 Bc8 31. Rxd6 Qe7 32. fxg6 f5 33. gxh7+ Kh8 34. Bg5 fxe4
35. Rxf8+ Qxf8 36. Rd8 Bg4 37. Rxf8+ Rxf8 38. Kg1 e3 39. Bxe3 Bf5 40. Bh6 Bd3
41. Bxg7+ Kxg7 42. h8=Q+ Kxh8 43. Qh6+ Kg8 44. h3 1-0

[Event "16th Sants Open 2014"]
[Site "Barcelona ESP"]
[Date "2014.08.27"]
[Round "6.40"]
[White "Rojano Cano, Francisco Jose"]
[Black "Granda Zuniga, Julio E"]
[Result "0-1"]
[BlackTitle "GM"]
[WhiteElo "2141"]
[BlackElo "2663"]
[WhiteFideId "2221268"]
[BlackFideId "3800024"]
[EventDate "2014.08.22"]

1. e4 c5 2. Nf3 Nc6 3. Nc3 e5 4. Bc4 d6 5. d3 h6 6. h3 g6 7. Be3 Bg7 8. Qd2 Nge7
9. g4 a6 10. a4 Be6 11. Bxe6 fxe6 12. g5 Nd4 13. Bxd4 exd4 14. Ne2 Qd7 15. Nh2
O-O-O 16. Ng4 h5 17. Nf6 Bxf6 18. gxf6 Nc6 19. Qg5 Ne5 20. Ng1 Nf7 21. Qd2 g5
22. b4 Kb8 23. bxc5 dxc5 24. Nf3 Rdg8 25. h4 g4 26. Ng5 e5 27. Rb1 Rg6 28. Rb6
Nd6 29. Qa5 Nc8 30. Rb2 Rxf6 31. Qxc5 Re8 32. O-O Rc6 33. Qa3 b6 34. Rfb1 Ka7
35. Qa2 Rf8 36. Rb5 Qc7 37. R5b2 Qe7 38. Qd5 Qe8 39. a5 b5 40. Rxb5 axb5 41.
Qxb5 Nd6 42. Qd5 Rf6 0-1

[Event "16th Sants Open 2014"]
[Site "Barcelona ESP"]
[Date "2014.08.27"]
[Round "6.41"]
[White "Munoz Pantoja, Miguel"]
[Black "Cervello Tost, Ferran"]
[Result "1/2-1/2"]
[WhiteTitle "GM"]
[WhiteElo "2451"]
[BlackElo "2141"]
[WhiteFideId "3800229"]
[BlackFideId "32006985"]
[EventDate "2014.08.22"]

1. e4 c6 2. Nc3 d5 3. Nf3 Bg4 4. Be2 e6 5. O-O dxe4 6. Nxe4 Nd7 7. d4 Ngf6 8.
Nxf6+ Nxf6 9. c4 Bd6 10. Ne5 Bxe5 11. dxe5 Qxd1 12. Bxd1 Bxd1 13. exf6 Be2 14.
fxg7 Rg8 15. Re1 Bxc4 16. b3 Bd5 17. Bb2 Ke7 18. Rad1 a5 19. Rd4 f6 20. Ba3+ Kf7
21. Bf8 f5 22. f3 b5 23. Kf2 Rxg7 24. Bxg7 Kxg7 25. g4 c5 26. Rf4 Kf6 27. gxf5
exf5 28. Rh4 Bf7 29. Rxh7 a4 30. Rxf7+ Kxf7 31. Re5 axb3 32. axb3 Ra3 33. b4
cxb4 34. Rxf5+ Kg6 35. Rxb5 Rb3 36. h4 Rb1 37. h5+ Kh6 38. Kg3 b3 39. Kg4 b2 40.
Rb6+ Kh7 41. Kf4 Kg7 42. Rg6+ Kf7 43. Rg2 Rh1 44. Rxb2 Rxh5 45. Kg4 Ra5 46. f4
Kg6 47. Rb6+ Kg7 48. Rd6 Rb5 49. Re6 Kf7 50. Rh6 Kg7 1/2-1/2

[Event "16th Sants Open 2014"]
[Site "Barcelona ESP"]
[Date "2014.08.27"]
[Round "6.42"]
[White "Gonzalez Rodriguez, Jorge A."]
[Black "Bartkowiak, Damian"]
[Result "1-0"]
[WhiteTitle "IM"]
[WhiteElo "2382"]
[BlackElo "2133"]
[WhiteFideId "4400240"]
[BlackFideId "1117998"]
[EventDate "2014.08.22"]

1. b3 d5 2. Bb2 c6 3. g3 Nd7 4. Bg2 e5 5. c4 dxc4 6. bxc4 Bc5 7. e3 Ngf6 8. d4
Qb6 9. Qd2 Bb4 10. Nc3 O-O 11. Nge2 Qa6 12. c5 exd4 13. exd4 Re8 14. O-O Ne4 15.
Qc2 Nxc3 16. Nxc3 Bxc3 17. Qxc3 Nf6 18. d5 cxd5 19. Bxd5 Be6 20. Bg2 Rac8 21.
Rfd1 Qb5 22. Rdc1 Re7 23. a4 Qa6 24. Qb4 Nd5 25. Bxd5 Bxd5 26. c6 Re4 27. Qd2
bxc6 28. Qg5 g6 29. Qf6 Kf8 30. Re1 Rce8 31. Rxe4 Bxe4 32. Re1 Qa5 33. Qg7+ 1-0

[Event "16th Sants Open 2014"]
[Site "Barcelona ESP"]
[Date "2014.08.27"]
[Round "6.43"]
[White "Sanchez Enriquez, Oscar Gerardo"]
[Black "Go, Benjamin"]
[Result "1/2-1/2"]
[WhiteTitle "FM"]
[WhiteElo "2374"]
[BlackElo "2133"]
[WhiteFideId "5106311"]
[BlackFideId "1014560"]
[EventDate "2014.08.22"]

1. d4 d5 2. Nf3 Nf6 3. c4 c6 4. Nc3 dxc4 5. a4 Bf5 6. Nh4 e6 7. Nxf5 exf5 8. e3
Bb4 9. Bxc4 O-O 10. Qc2 Qa5 11. O-O Nbd7 12. f3 Rad8 13. Kh1 Nb6 14. Bb3 Rfe8
15. Bd2 f4 16. exf4 Rxd4 17. Rae1 Red8 18. Be3 R4d7 19. Rd1 Nfd5 20. Nxd5 Nxd5
21. Bc1 Qc7 22. g3 Rd6 23. f5 Qe7 24. Qe4 R6d7 25. Qxe7 Nxe7 26. Rxd7 Rxd7 27.
g4 Rd4 28. Kg2 Nd5 29. Rd1 Rxd1 30. Bxd1 Kf8 31. f4 Ke7 32. Kf3 f6 33. Ke4 Kd6
34. Bb3 b6 35. Bc4 a5 36. g5 Kc5 37. Bb3 Be1 38. h3 Kd6 39. Bd1 Bb4 40. Be2 Be1
41. Bh5 Ke7 42. b3 Bc3 43. Bf3 Kd6 44. Kd3 Be1 45. Kc4 Bf2 46. gxf6 gxf6 47.
Bxd5 cxd5+ 48. Kb5 Bc5 49. Bb2 Ke7 50. Bc1 Kd6 51. Bd2 Bd4 52. b4 axb4 53. Bxb4+
Kd7 54. Bd2 Kd6 55. Bc1 Kd7 1/2-1/2

[Event "16th Sants Open 2014"]
[Site "Barcelona ESP"]
[Date "2014.08.27"]
[Round "6.44"]
[White "Quirhuayo, Gonzalo"]
[Black "Gullaksen, Eirik"]
[Result "0-1"]
[WhiteTitle "FM"]
[BlackTitle "IM"]
[WhiteElo "2137"]
[BlackElo "2361"]
[WhiteFideId "3813509"]
[BlackFideId "1500945"]
[EventDate "2014.08.22"]

1. e4 e5 2. Nf3 Nc6 3. d4 exd4 4. Nxd4 Bb4+ 5. c3 Bc5 6. Be3 Bb6 7. Qg4 Qf6 8.
Qg3 Qg6 9. Nd2 Qxg3 10. hxg3 Nf6 11. Rh4 O-O 12. O-O-O d6 13. f3 h6 14. Bd3 Ne5
15. Bc2 Ng6 16. Rh2 Re8 17. g4 Bd7 18. Rdh1 Nh7 19. Bb3 c6 20. Rh5 Kf8 21. g5
Nxg5 22. Bxg5 hxg5 23. Rxg5 Bd8 24. Rgh5 Bf6 25. Nf5 Bxf5 26. Rxf5 Rad8 27. g4
Re5 28. g5 Bxg5 29. Rxf7+ Ke8 30. Rxg7 Ne7 31. Rh8+ Kd7 32. Rxd8+ Kxd8 33. Kc2
d5 34. exd5 cxd5 35. Ba4 a6 36. Rf7 Re2 37. f4 Rf2 38. Kd1 Bxf4 39. Nb3 b5 40.
Ke1 Rf3 41. Ke2 Re3+ 42. Kf2 Bg5 43. Rg7 Re5 44. Nd4 Be3+ 45. Kf3 bxa4 46. Rxe7
Bxd4 47. Rh7 Bb6 48. Rg7 Re6 49. Rf7 a3 50. bxa3 Re3+ 51. Kf4 Rxc3 52. Ke5 d4
53. Rb7 Bc5 54. Rb2 d3 55. Ke4 Rxa3 56. Rd2 Kc7 57. Rxd3 Rxd3 58. Kxd3 Kc6 59.
Kc4 Kd6 60. a4 Kc6 61. Kd3 Kd5 62. Kc3 a5 63. Kd3 Bb4 64. Kc2 Kc4 65. Kb2 Bd6
66. Kc2 Kb4 67. Kb2 Kxa4 68. Ka2 Be5 69. Kb1 Kb3 70. Kc1 a4 0-1

[Event "16th Sants Open 2014"]
[Site "Barcelona ESP"]
[Date "2014.08.27"]
[Round "6.45"]
[White "Colon Garcia, Enrique"]
[Black "Fernandez Madrid, Carlos"]
[Result "1/2-1/2"]
[WhiteTitle "FM"]
[WhiteElo "2343"]
[BlackElo "2125"]
[WhiteFideId "2285940"]
[BlackFideId "2206030"]
[EventDate "2014.08.22"]

1. e4 d6 2. d4 Nf6 3. Nc3 g6 4. Be3 c6 5. Qd2 b5 6. Bd3 a6 7. h3 Nbd7 8. Nf3 Qc7
9. Bf4 Bg7 10. O-O O-O 11. Ne2 e5 12. dxe5 Nxe5 13. Bxe5 dxe5 14. Ng3 c5 15. c4
b4 16. Rfe1 h6 17. Qc2 Be6 18. Nf1 Nh5 19. Ne3 Nf4 20. Bf1 f5 21. Nd2 Qe7 22. g3
fxe4 23. gxf4 exf4 24. Qxe4 fxe3 25. Rxe3 Qg5+ 26. Bg2 Rae8 27. Nf3 Qf6 28. Rae1
Bf7 29. Ne5 Rxe5 30. Qxe5 Qxe5 31. Rxe5 Bxe5 32. Rxe5 Bxc4 33. b3 Bb5 34. Rxc5
Rd8 35. Rc2 Kg7 36. Kh2 g5 37. Be4 Rd1 38. Kg3 Kf6 39. Bc6 Bd3 40. Rc5 Bf1 41.
Bg2 Bb5 42. Bb7 Rd3+ 43. f3 Re3 44. Rd5 h5 45. Bc8 Be2 46. Kf2 Rc3 47. Kxe2 Rxc8
48. Rd6+ Kf5 49. Rxa6 Rc2+ 50. Ke3 Rc3+ 51. Kf2 Rc2+ 52. Ke3 Rc3+ 53. Kf2 Rc2+ 1/2-1/2

[Event "16th Sants Open 2014"]
[Site "Barcelona ESP"]
[Date "2014.08.27"]
[Round "6.46"]
[White "Faber, Michel"]
[Black "Hernando Rodrigo, Julio Antonio"]
[Result "0-1"]
[BlackTitle "FM"]
[WhiteElo "2131"]
[BlackElo "2342"]
[WhiteFideId "693030"]
[BlackFideId "2208350"]
[EventDate "2014.08.22"]

1. c4 Nf6 2. Nc3 g6 3. g3 Bg7 4. Bg2 O-O 5. e4 e5 6. Nge2 d6 7. O-O Be6 8. d3
Qd7 9. Rb1 c6 10. b4 d5 11. exd5 cxd5 12. Na4 Bh3 13. Nc5 Qc8 14. Bg5 Bxg2 15.
Kxg2 b6 16. Nb3 dxc4 17. dxc4 Qxc4 18. Bxf6 Bxf6 19. Nd2 Qc6+ 20. f3 Rd8 21. Qe1
Qc2 22. Ne4 Bg7 23. Rf2 Qxa2 0-1

[Event "16th Sants Open 2014"]
[Site "Barcelona ESP"]
[Date "2014.08.27"]
[Round "6.47"]
[White "Vidarte Morales, Arturo"]
[Black "Stoeri, Laura"]
[Result "1/2-1/2"]
[WhiteTitle "IM"]
[BlackTitle "WFM"]
[WhiteElo "2326"]
[BlackElo "2123"]
[WhiteFideId "3800253"]
[BlackFideId "1304313"]
[EventDate "2014.08.22"]

1. d4 Nf6 2. c4 e6 3. Nc3 Bb4 4. Nf3 b6 5. Bg5 h6 6. Bh4 g5 7. Bg3 Ne4 8. Qc2
Bb7 9. e3 d6 10. Bd3 Bxc3+ 11. bxc3 Nxg3 12. fxg3 Qe7 13. O-O Nd7 14. a4 a5 15.
Rab1 O-O-O 16. e4 Rdg8 17. c5 dxc5 18. Bb5 f6 19. Qe2 Nb8 20. Nd2 h5 21. Qf2 Rh6
22. dxc5 Qxc5 23. Qxc5 bxc5 24. Rb2 Ba6 25. Nc4 g4 26. Nxa5 h4 27. Rfb1 hxg3 28.
hxg3 Rgh8 29. Kf2 Rh1 30. Bxa6+ Nxa6 31. Nc4 Rxb1 32. Rxb1 Kd7 33. Ne3 f5 34.
exf5 exf5 35. Ke2 Re8 36. Kd2 Ke6 37. Rf1 Rf8 38. Kd3 Nb8 39. Nc4 Nc6 40. a5
Rd8+ 41. Ke3 Ne7 42. Re1 Kf6 43. Rc1 Nd5+ 44. Kf2 Ra8 45. Ke2 Rd8 46. Rc2 Kg5
47. Kf2 Ra8 48. Rc1 Kf6 49. Ke2 Rd8 50. Nd2 Ra8 51. c4 Nb4 52. Nb3 Nc6 53. Ra1
Ra6 54. Kd3 Ra8 55. Nxc5 Rxa5 56. Rxa5 Nxa5 57. Na6 c6 58. Nc5 Kf7 59. Kd4 Kf6
60. Kd3 Kf7 61. Kd4 Kf6 62. Kd3 Kf7 1/2-1/2

[Event "16th Sants Open 2014"]
[Site "Barcelona ESP"]
[Date "2014.08.27"]
[Round "6.48"]
[White "Serarols Mabras, Bernat"]
[Black "Pogan, Nikolas"]
[Result "1-0"]
[BlackTitle "FM"]
[WhiteElo "2094"]
[BlackElo "2313"]
[WhiteFideId "2238276"]
[BlackFideId "24673579"]
[EventDate "2014.08.22"]

1. d4 Nf6 2. c4 g6 3. Nc3 Bg7 4. Nf3 d6 5. Bf4 Nh5 6. Bg5 h6 7. Be3 O-O 8. Qd2
Kh7 9. h3 f5 10. g4 f4 11. gxh5 g5 12. Bxf4 Rxf4 13. h4 Bg4 14. hxg5 Bxf3 15.
exf3 hxg5 16. Qd3+ Kh8 17. Qg6 Rf6 18. Qxg5 Bh6 19. Qg4 Rf4 20. Qg6 Rf6 21. Qe4
c6 22. Rg1 Rf4 23. Qg6 Rf6 24. Qg4 Rf4 25. Qg6 Rf6 26. Qg4 d5 27. Bd3 e6 28. Kf1
Na6 29. Re1 Nc7 30. cxd5 cxd5 31. Qg3 Qe7 32. Qh4 Raf8 33. Rg6 Bd2 34. Re2 Bc1
35. h6 R6f7 36. Qg4 Bf4 37. Kg2 Qd7 38. Re1 a6 39. Rh1 e5 40. Qh5 exd4 41. Rg7
Qe6 42. Rh4 Bd2 43. Ne2 Nb5 44. Nf4 Bxf4 45. Rxf4 Nd6 46. Rh7+ 1-0

[Event "16th Sants Open 2014"]
[Site "Barcelona ESP"]
[Date "2014.08.27"]
[Round "6.49"]
[White "Sanchez Lopez, Juan Manuel"]
[Black "Peelen, Piet"]
[Result "0-1"]
[BlackTitle "IM"]
[WhiteElo "2111"]
[BlackElo "2303"]
[WhiteFideId "2227037"]
[BlackFideId "1000403"]
[EventDate "2014.08.22"]

1. c4 e6 2. e4 c5 3. Nc3 Nc6 4. g3 Nf6 5. Bg2 d5 6. exd5 exd5 7. Qe2+ Be7 8.
Nxd5 Nxd5 9. Bxd5 Nd4 10. Qd3 Bf5 11. Be4 Bxe4 12. Qxe4 f5 13. Qd3 Qd6 14. f3 f4
15. Kf2 O-O 16. b3 Qh6 17. Kg2 Rad8 18. Qe4 Rfe8 19. d3 Bg5 20. gxf4 Rxe4 21.
fxg5 Rg4+ 0-1

[Event "16th Sants Open 2014"]
[Site "Barcelona ESP"]
[Date "2014.08.27"]
[Round "6.50"]
[White "Kvisvik, Brede"]
[Black "Fernandez Saavedra, Jose Luis"]
[Result "1-0"]
[WhiteTitle "FM"]
[WhiteElo "2290"]
[BlackElo "2114"]
[WhiteFideId "1502999"]
[BlackFideId "2217317"]
[EventDate "2014.08.22"]

1. c4 e6 2. g3 Nf6 3. d4 Bb4+ 4. Nd2 O-O 5. Bg2 d5 6. Nf3 dxc4 7. O-O b5 8. a4
c6 9. Ne1 Nd5 10. e4 Nc7 11. Nc2 Be7 12. e5 Nd5 13. Ne4 b4 14. Qg4 Kh8 15. Bd2
Nd7 16. Rfc1 Ba6 17. Ne1 c5 18. Nxc5 Bxc5 19. dxc5 Nxc5 20. Rd1 Nb3 21. Bxb4 Re8
22. Rab1 Qb6 23. Bd6 Rac8 24. Nf3 c3 25. bxc3 Nxc3 26. Ng5 Nxd1 27. Qxd1 Rc3 28.
Qh5 Bd3 29. Nxf7+ Kg8 30. Nh6+ gxh6 31. Qxe8+ Kg7 32. Bf8+ 1-0

[Event "16th Sants Open 2014"]
[Site "Barcelona ESP"]
[Date "2014.08.27"]
[Round "6.51"]
[White "Locci, Damiano"]
[Black "Gonzalez Valero, Julio"]
[Result "1-0"]
[WhiteElo "2113"]
[BlackElo "2288"]
[WhiteFideId "819751"]
[BlackFideId "2218810"]
[EventDate "2014.08.22"]

1. e4 c5 2. Nf3 Nc6 3. Bb5 Na5 4. Be2 a6 5. a4 Nf6 6. e5 Nd5 7. Nc3 e6 8. d4
Nxc3 9. bxc3 d5 10. O-O Bd7 11. Qd2 Bc6 12. Qf4 Qd7 13. dxc5 Bxc5 14. Rd1 Qe7
15. Qg4 f5 16. Qg3 O-O 17. Ng5 Nc4 18. Qh3 h6 19. Nf3 Kh7 20. Bf4 Rh8 21. Nd4
Be8 22. g4 Bxd4 23. Rxd4 g5 24. Bxc4 dxc4 25. Bc1 Bg6 26. Ba3 Qc7 27. Bd6 Qc6
28. Be7 fxg4 29. Qxg4 Bf5 30. Qh5 Qe8 31. Qd1 Qc6 32. Qh5 Qe8 33. Qd1 Kg6 34.
Bf6 Rh7 35. Rxc4 Rc8 36. Rd4 Qc6 37. h4 g4 38. Rxg4+ Bxg4 39. Qxg4+ Kf7 40. Qh5+
Kf8 41. Rd1 Qe8 42. Qg4 Rd7 43. Re1 Qf7 44. Kh2 a5 45. Qf4 Qh5 46. Rg1 Rf7 47.
Qd4 Rxf6 48. exf6 Qd5 49. Qf4 Rc4 50. Qxh6+ 1-0